000 01539cam a2200349 4500
001 L135727
002 11567
008 061205n2007 000 0 eng u
020 _a1842193099
035 _a(Sirsi) u135727
041 0 _aeng
050 0 4 _a693.82 $2 18
100 1 _aMuir, Pete
245 0 4 _aThe new fire safety legislation 2006
_ba practical guide
260 _aCoventry
_bRICS Books
_c2007
300 _aviii, 126p.
_c30cm.
350 _a39.95
505 2 _aA brief history of major UK fire regulation -- Roles and responsibilities -- Fire risk assessment -- Fire engineering -- Enforcement -- Offences and appeals
520 _aDiscusses the types of hazards, those whom are most at risk, evaluation, record keeping, those responsible for enforcing regulations, building control and planning applications, the fire and rescue services and legal cases. Appendices give an overview of UK legislation, example of fire risk assessments, and fire and rescue service contacts.
590 _aKA
650 2 4 _aFIRE SERVICES ACT 1947
650 2 4 _aFACTORIES ACT 1961
650 2 4 _aFIRE PRECAUTIONS ACT 1971
650 2 4 _aHEALTH AND SAFETY AT WORK ETC ACT 1974
650 2 4 _aFIRE PRECAUTIONS (WORKPLACE) (AMENDMENT) REGULATIONS 1999
650 2 4 _aREGULATORY REFORM ACT 2001
650 2 4 _aREGULATORY REFORM (FIRE SAFETY) ORDER 2006
651 4 _aEngland and Wales
_y1543-
690 _aMANAGEMENT-HEALTH AND SAFETY-FIRE SAFETY
690 _aBUILT ENVIRONMENT-BUILDING STANDARDS-FIRE REGULATIONS
942 _n0
999 _c106172
_d106172